000 00876nam a2200205 a 4500
001 000655009
003 AM-YeHGA
005 20250617141350.0
008 090430s1976 ai | |||||||||||||rus|d
040 _aAM-YeHGA
041 0 _arus
100 1 _aКузьмичев, Владимир Егорович
245 1 0 _aОрганизация технического обслуживания машинно-тракторного парка /
_cВ.Е. Кузьмичев, М.Г. Трохов.
260 _aЧелябинск :
_bЮжно-Уральское кн. изд-во,
_c1976.
300 _a88 с. :
_bтабл. ;
_c20 см.
650 1 4 _aМеханизация сельского хозяйства
650 1 4 _aСельскохозяйственные машины и орудия
700 1 _aТрохов, Максим Георгиевич
090 _c238813
999 _c237242
_d237242